Statistics for 3つのヒントから自治体を当てろ

Click here to take the quiz!

General Stats

  • This quiz has been taken 49 times
  • The average score is 6 of 15

Answer Stats

ヒント1ヒント2ヒント3答え% Correct
人口15万人井の頭公園がある市である武蔵野
91%
人口は県内2位竜王駅や塩崎駅などがある市である甲斐
91%
2004年成立島内の10自治体全てが合併して1つになった市である佐渡
86%
島根県で最も新しい加茂岩倉遺跡がある市である雲南
73%
新幹線の駅がある中通りに位置する村である西郷
59%
北葛飾郡に位置する江戸川や古利根川が流れている町である松伏
52%
多野郡に位置する関東地方において島嶼部を除くと1番人口が少ない村である上野
43%
秋葉街道の宿場町県内の町で唯一、「ちょう」ではなく「まち」と呼ぶ自治体町である
30%
阿蘇くじゅう国立公園があるこの自治体の花はミヤマキリシマ町である九重
25%
カルスト台地である帝釈峡などの観光地がある町である神石高原
20%
今は日田市である道の駅せせらぎ郷〇〇〇〇がある村である上津江
20%
漢那ダムがあるピーク時には人口約10万3千人(米軍調べ)村である宜野座
18%
最高峰はチセヌプリ住宅地や国道276号沿いの商業地からなる市街地が形成町である共和
9%
特急停車駅がある村役場へアクセスする公共交通機関が一切ない村である泰阜
9%
海評海里2010年以降人口は横ばいとなっている町である海士
2%

Score Distribution

Percentile by Number Answered

Percent of People with Each Score

Your Score History

You have not taken this quiz